Diferenciación social (Registro nro. 24445)
[ vista simple ]
| 000 -LEADER | |
|---|---|
| fixed length control field | 00317 a2200109 4500 |
| 001 - CONTROL NUMBER | |
| control field | ART_8830 |
| 005 - DATE AND TIME OF LATEST TRANSACTION | |
| control field | 20260410161845.0 |
| 008 - FIXED-LENGTH DATA ELEMENTS--GENERAL INFORMATION | |
| fixed length control field | 260409a |
| 100 1# - MAIN ENTRY--PERSONAL NAME | |
| Personal name | Klein, Emilio |
| 245 10 - TITLE STATEMENT | |
| Title | Diferenciación social |
| 773 0# - HOST ITEM ENTRY | |
| Title | El trimestre económico |
| Related parts | - Vol. XLVIII, Nº 191 (jul./set. 1981) |
| Record control number | REV6933 |
No hay ítems disponibles.